| 000 | 00959cam a22002418a 4500 | ||
|---|---|---|---|
| 005 | 20090827101948.0 | ||
| 008 | 070619s2008 njuab b 001 0 eng | ||
| 010 | _aENG-95413 | ||
| 020 |
_a978812038517 _c295.00 |
||
| 035 | _aEN-78946 | ||
| 037 | _bDBAD/PUB | ||
| 040 | _aDPL | ||
| 082 | _a621.3822 | ||
| 100 | _aRavi Kumar, I | ||
| 245 |
_aSignals and systems _cby I. Ravi Kumar |
||
| 260 |
_aNew Delhi _bPHI Learning _c2009 |
||
| 270 |
_aM-97, Connaught Circus _bNew Delhi _e110001 |
||
| 300 |
_axv, 563p. _c24 cm.(Pbk) |
||
| 500 | _aIncludes index. | ||
| 942 |
_2ddc _cEN _mRAV _h621.3822 |
||
| 999 |
_c31700 _d31700 |
||